| 000 | 00771nam a2200181 i 4500 | ||
|---|---|---|---|
| 001 | 157761 | ||
| 003 | ES-MaACL | ||
| 005 | 20250718062545.0 | ||
| 008 | 020821s1876 sp |||| | spa d | ||
| 100 | 1 |
_aLiniers, Santiago de Liniers y Gallo Alcántara, _cConde de, _d1842-1908 _9128961 |
|
| 245 | 1 | 0 |
_aTodo el mundo _b: breves apuntes acerca de lo más importante que debe saber y de lo más preciso que debe ignorar el hombre moderno, para vivir correctamente en la patria, en la sociedad y en la familia / _cpor Santiago de Liniers. |
| 260 |
_aMadrid : _b[s.n.], _c1876 ( _fImp. de F. Maroto) |
||
| 300 |
_a341 p. ; _c18 cm. |
||
| 650 | 7 |
_aÉtica _2embne _912577 |
|
| 752 |
_aEspaña - _dMadrid |
||
| 852 |
_aES-MaACL _jF-2854 _z- Enc. pasta |
||
| 999 |
_c157761 _d157761 |
||